| 000 | 00413nam a2200157Ia 4500 | ||
|---|---|---|---|
| 008 | 230312s9999||||xx |||||||||||||| ||und|| | ||
| 020 | _a0-7506-4848-1 | ||
| 082 |
_a720 _bLON-V |
||
| 100 | _aLong;Helen.C | ||
| 245 | 0 | _aVictorian Houses and Their Details | |
| 260 |
_bArchitecture Press _aUK _c2002 |
||
| 300 | _a131 | ||
| 546 | _aEng. | ||
| 650 |
_aArchitecture _vVictorian Houses and Their Details |
||
| 942 | _cBK | ||
| 999 |
_c9695 _d9695 |
||